Diseño de un sistema de almacenamiento de químicos para una industria procesadora de leche
保存先:
| 第一著者: | |
|---|---|
| フォーマット: | 図書 |
| 出版事項: |
San José, Costa Rica
2008
|
| 主題: | |
| タグ: |
タグ追加
タグなし, このレコードへの初めてのタグを付けませんか!
|
MARC
| LEADER | 00000nam a2200000Ia 4500 | ||
|---|---|---|---|
| 003 | 001099 | ||
| 005 | 20221231144100.0 | ||
| 008 | 140114s2008 cr a 000 ||s d | ||
| 040 | |c cru CEDI | ||
| 090 | |a TFG 5624 | ||
| 100 | |a Mora Vargas, Daniela |9 4408 | ||
| 245 | |a Diseño de un sistema de almacenamiento de químicos para una industria procesadora de leche | ||
| 260 | |c 2008 |b San José, Costa Rica | ||
| 300 | |a vi, 143 páginas; ilustraciones a color | ||
| 500 | |a Proyecto de graduación (licenciatura en ingeniería química)--Universidad de Costa Rica. Facultad de Ingeniería. Escuela de Ingeniería Química | ||
| 650 | |x PRODUCTOS QUIMICOS |x ALMACENAMIENTO |x DISPOSICION DE RESIDUOS |x INDUSTRIA LECHERA |x ALMACENES GENERALES DE DEPOSITO |x NORMAS |x ASISTENCIA EN EMERGENCIAS |9 4409 | ||
| 942 | |c TFG | ||
| 999 | |c 16637 |d 16637 | ||
